99 phương tiện và biện pháp tu từ tiếng Việt
में बचाया:
| मुख्य लेखक: | |
|---|---|
| स्वरूप: | पुस्तक |
| भाषा: | Undetermined |
| प्रकाशित: |
Hà Nội
Giáo Dục
1998
|
| विषय: | |
| टैग : |
टैग जोड़ें
कोई टैग नहीं, इस रिकॉर्ड को टैग करने वाले पहले व्यक्ति बनें!
|
| Thư viện lưu trữ: | Trung tâm Học liệu Trường Đại học Cần Thơ |
|---|
| LEADER | 00590nam a2200193Ia 4500 | ||
|---|---|---|---|
| 001 | CTU_29632 | ||
| 008 | 210402s9999 xx 000 0 und d | ||
| 020 | |b 9.400đ | ||
| 082 | |a 495.9228 | ||
| 082 | |b L101 | ||
| 100 | |a Đinh, Trọng Lạc | ||
| 245 | 0 | |a 99 phương tiện và biện pháp tu từ tiếng Việt | |
| 245 | 0 | |c Đinh Trọng Lạc | |
| 260 | |a Hà Nội | ||
| 260 | |b Giáo Dục | ||
| 260 | |c 1998 | ||
| 650 | |a Rhetoric,Vietnamese language - study and teaching | ||
| 904 | |i Minh, 990414 | ||
| 980 | |a Trung tâm Học liệu Trường Đại học Cần Thơ | ||